[Event "WCO2014"]
[Site "Tromso"]
[Date "2014.08.05"]
[Round "4.24"]
[WhiteID "7700148"]
[White "Merritt Mario"]
[BlackID "12802476"]
[Black "Pileckis Emilis"]
[Result "0-1"]
[LiveChessVersion "1.4.3"]
[BlackElo "2447"]
[WhiteElo "2078"]

1. c4 {[%clk 1:30:56]} Nf6 {[%clk 1:30:54]} 2. g3 {[%clk 1:31:15]} e6
{[%clk 1:31:20]} 3. Nf3 {[%clk 1:31:34]} d5 {[%clk 1:31:45]} 4. Bg2
{[%clk 1:31:58]} Be7 {[%clk 1:32:09]} 5. d4 {[%clk 1:32:09]} O-O {[%clk 1:32:34]}
6. O-O {[%clk 1:32:21]} dxc4 {[%clk 1:32:59]} 7. Qc2 {[%clk 1:32:46]} a6
{[%clk 1:32:58]} 8. Qxc4 {[%clk 1:33:08]} b5 {[%clk 1:33:23]} 9. Qc2
{[%clk 1:33:32]} Bb7 {[%clk 1:33:46]} 10. Bd2 {[%clk 1:33:54]} Be4
{[%clk 1:33:31]} 11. Qc1 {[%clk 1:34:06]} b4 {[%clk 1:34:04]} 12. Bg5
{[%clk 1:33:35]} Nbd7 {[%clk 1:32:37]} 13. Nbd2 {[%clk 1:11:23]} Bd5
{[%clk 1:32:06]} 14. Re1 {[%clk 1:11:17]} Rc8 {[%clk 1:31:15]} 15. e4
{[%clk 0:50:11]} Ba8 {[%clk 1:17:20]} 16. e5 {[%clk 0:38:38]} Nd5
{[%clk 1:15:59]} 17. Ne4 {[%clk 0:37:53]} Bxg5 {[%clk 0:44:20]} 18. Nfxg5
{[%clk 0:38:00]} h6 {[%clk 0:44:25]} 19. Nf3 {[%clk 0:38:19]} c5 {[%clk 0:39:24]}
20. Qd2 {[%clk 0:28:14]} c4 {[%clk 0:35:58]} 21. Nd6 {[%clk 0:20:32]} c3
{[%clk 0:33:19]} 22. Qc2 {[%clk 0:20:39]} cxb2 {[%clk 0:32:39]} 23. Qxb2
{[%clk 0:21:06]} Rc3 {[%clk 0:32:24]} 24. a3 {[%clk 0:19:56]} a5 {[%clk 0:23:11]}
25. axb4 {[%clk 0:13:13]} axb4 {[%clk 0:23:26]} 26. Nb5 {[%clk 0:13:19]} Rc8
{[%clk 0:18:17]} 27. Nd2 {[%clk 0:10:59]} N7b6 {[%clk 0:17:35]} 28. Ne4
{[%clk 0:09:36]} Nc4 {[%clk 0:15:43]} 29. Qb3 {[%clk 0:09:45]} Qb6
{[%clk 0:12:07]} 30. Bf1 {[%clk 0:04:38]} Qxb5 {[%clk 0:11:14]} 31. Nd6
{[%clk 0:05:01]} Nxd6 {[%clk 0:06:02]} 32. Bxb5 {[%clk 0:05:19]} Nxb5
{[%clk 0:06:25]} 33. Rec1 {[%clk 0:05:09]} Nxd4 {[%clk 0:02:18]} 34. Qd3
{[%clk 0:04:51]} Rxc1+ {[%clk 0:00:38]} 35. Rxc1 {[%clk 0:05:16]} Nc3
{[%clk 0:00:50]} 36. Kf1 {[%clk 0:03:35]} Nf3 {[%clk 0:00:57]} 37. Qe3
{[%clk 0:02:29]} Bd5 {[%clk 0:00:40]} 38. h4 {[%clk 0:02:45]} Ra8
{[%clk 0:00:33]} 39. Qb6 {[%clk 0:02:48]} Nd2+ {[%clk 0:00:45]} 40. Ke1
{[%clk 0:02:14]} Ra2 {[%clk 0:00:44]} 41. Qxb4 {[%clk 0:02:08]} Nf3+
{[%clk 0:00:33]} 42. Kf1 {[%clk 0:02:32]} Ne4 {[%clk 0:30:04]} 0-1

[Event "WCO2014"]
[Site "Tromso"]
[Date "2014.08.05"]
[Round "4.36"]
[WhiteID "11000430"]
[White "Mandizha Farai"]
[BlackID "2400030"]
[Black "McNab Colin A"]
[Result "1/2-1/2"]
[LiveChessVersion "1.4.3"]
[BlackElo "2441"]
[WhiteElo "2388"]

1. e4 {[%clk 1:30:58]} g6 {[%clk 1:30:50]} 2. h4 {[%clk 1:31:10]} d5
{[%clk 1:29:58]} 3. h5 {[%clk 1:29:39]} dxe4 {[%clk 1:28:01]} 4. hxg6
{[%clk 1:29:58]} fxg6 {[%clk 1:28:14]} 5. Nc3 {[%clk 1:28:54]} Nf6
{[%clk 1:27:31]} 6. Qe2 {[%clk 1:29:19]} Nc6 {[%clk 1:23:14]} 7. Nxe4
{[%clk 1:29:20]} Nxe4 {[%clk 1:21:56]} 8. Qxe4 {[%clk 1:29:23]} Bf5
{[%clk 1:21:17]} 9. Qa4 {[%clk 1:29:11]} a6 {[%clk 1:15:27]} 10. Nf3
{[%clk 1:27:37]} Bg7 {[%clk 1:14:15]} 11. c3 {[%clk 1:15:02]} e5 {[%clk 0:56:00]}
12. Qb3 {[%clk 1:13:34]} Na5 {[%clk 0:49:37]} 13. Qa4+ {[%clk 1:05:45]} Nc6
{[%clk 0:49:44]} 14. d3 {[%clk 0:56:05]} Qd5 {[%clk 0:46:06]} 15. Ng5
{[%clk 0:53:06]} O-O-O {[%clk 0:39:00]} 16. Ne4 {[%clk 0:48:36]} h6
{[%clk 0:29:38]} 17. Be3 {[%clk 0:48:10]} Qa5 {[%clk 0:26:53]} 18. Qc2
{[%clk 0:43:05]} Nd4 {[%clk 0:23:44]} 19. Qc1 {[%clk 0:43:25]} Ne6
{[%clk 0:23:41]} 20. Qc2 {[%clk 0:35:07]} Nd4 {[%clk 0:22:13]} 21. Qb1
{[%clk 0:30:51]} Ne6 {[%clk 0:21:35]} 22. g3 {[%clk 0:28:33]} Qd5
{[%clk 0:16:48]} 23. Qc2 {[%clk 0:25:07]} Nc5 {[%clk 0:13:05]} 24. Bxc5
{[%clk 0:21:33]} Bxe4 {[%clk 0:13:26]} 25. dxe4 {[%clk 0:21:57]} Qxc5
{[%clk 0:13:49]} 26. Rd1 {[%clk 0:20:40]} Rxd1+ {[%clk 0:09:52]} 27. Qxd1
{[%clk 0:21:08]} Qd6 {[%clk 0:09:15]} 28. Bh3+ {[%clk 0:19:59]} Kb8
{[%clk 0:09:30]} 29. Qxd6 {[%clk 0:19:33]} cxd6 {[%clk 0:09:54]} 30. Be6
{[%clk 0:19:44]} Rf8 {[%clk 0:09:37]} 31. Ke2 {[%clk 0:19:57]} Kc7
{[%clk 0:07:44]} 32. b4 {[%clk 0:18:15]} h5 {[%clk 0:07:27]} 33. a4
{[%clk 0:18:04]} Bf6 {[%clk 0:06:41]} 34. a5 {[%clk 0:16:25]} Rh8
{[%clk 0:05:27]} 35. Bf7 {[%clk 0:16:20]} h4 {[%clk 0:04:27]} 36. Rh3
{[%clk 0:10:04]} g5 {[%clk 0:03:29]} 37. Be6 {[%clk 0:04:26]} hxg3
{[%clk 0:02:24]} 38. fxg3 {[%clk 0:04:21]} Rxh3 {[%clk 0:01:15]} 39. Bxh3
{[%clk 0:04:48]} b6 {[%clk 0:00:52]} 40. axb6+ {[%clk 0:03:04]} Kxb6
{[%clk 0:01:12]} 41. Kd3 {[%clk 0:03:00]} Bd8 {[%clk 0:27:46]} 42. Kc4
{[%clk 0:31:14]} Kc6 {[%clk 0:26:40]} 43. Bg4 {[%clk 0:30:23]} Bb6
{[%clk 0:25:13]} 44. Bh5 {[%clk 0:30:21]} Bf2 {[%clk 0:24:23]} 45. Be8+
{[%clk 0:30:40]} Kc7 {[%clk 0:24:20]} 46. g4 {[%clk 0:31:06]} Be1
{[%clk 0:24:34]} 47. Ba4 {[%clk 0:29:54]} Bd2 {[%clk 0:24:26]} 48. Bd1
{[%clk 0:29:41]} Be1 {[%clk 0:24:46]} 49. Bf3 {[%clk 0:29:43]} Kc6
{[%clk 0:24:00]} 50. Be2 {[%clk 0:29:57]} Kc7 {[%clk 0:24:02]} 51. Kb3
{[%clk 0:29:42]} Kb6 {[%clk 0:24:15]} 52. Bc4 {[%clk 0:29:54]} a5
{[%clk 0:22:17]} 53. Bf7 {[%clk 0:30:06]} axb4 {[%clk 0:22:34]} 54. cxb4
{[%clk 0:30:09]} Bd2 {[%clk 0:22:27]} 55. Kc4 {[%clk 0:30:25]} 1/2-1/2

[Event "WCO2014"]
[Site "Tromso"]
[Date "2014.08.05"]
[Round "4.35"]
[WhiteID "405817"]
[White "Greet Andrew N"]
[BlackID "11000120"]
[Black "Makoto Rodwell"]
[Result "1-0"]
[LiveChessVersion "1.4.3"]
[BlackElo "2279"]
[WhiteElo "2431"]

1. d4 {[%clk 1:30:53]} Nf6 {[%clk 1:28:55]} 2. c4 {[%clk 1:31:04]} g6
{[%clk 1:29:10]} 3. g3 {[%clk 1:31:14]} Bg7 {[%clk 1:29:14]} 4. Bg2
{[%clk 1:31:32]} d5 {[%clk 1:28:07]} 5. cxd5 {[%clk 1:31:51]} Nxd5
{[%clk 1:28:31]} 6. Nf3 {[%clk 1:32:09]} O-O {[%clk 1:28:48]} 7. O-O
{[%clk 1:32:29]} Nc6 {[%clk 1:26:13]} 8. Nc3 {[%clk 1:32:10]} Nb6
{[%clk 1:26:03]} 9. e3 {[%clk 1:31:45]} a5 {[%clk 1:24:35]} 10. Qe2
{[%clk 1:29:46]} a4 {[%clk 1:23:07]} 11. Rd1 {[%clk 1:26:32]} Bd7
{[%clk 1:21:02]} 12. h3 {[%clk 1:14:09]} Qc8 {[%clk 1:20:54]} 13. Kh2
{[%clk 1:14:26]} Ra5 {[%clk 1:18:33]} 14. Ne4 {[%clk 1:03:03]} Rh5
{[%clk 1:04:41]} 15. Ng1 {[%clk 1:02:26]} Bg4 {[%clk 0:53:47]} 16. f3
{[%clk 1:01:45]} Be6 {[%clk 0:53:40]} 17. Nc5 {[%clk 0:58:09]} Bc4
{[%clk 0:51:57]} 18. Qf2 {[%clk 0:57:32]} Rd8 {[%clk 0:49:39]} 19. Bd2
{[%clk 0:49:35]} Rhd5 {[%clk 0:47:13]} 20. f4 {[%clk 0:42:47]} R5d6
{[%clk 0:46:25]} 21. Nf3 {[%clk 0:38:26]} f6 {[%clk 0:39:21]} 22. Rdc1
{[%clk 0:23:40]} Bf7 {[%clk 0:39:14]} 23. Be1 {[%clk 0:23:37]} Rf8
{[%clk 0:28:28]} 24. e4 {[%clk 0:13:26]} e6 {[%clk 0:17:33]} 25. e5
{[%clk 0:12:11]} Rdd8 {[%clk 0:17:51]} 26. Qe3 {[%clk 0:08:17]} Rfe8
{[%clk 0:16:52]} 27. Rc2 {[%clk 0:07:46]} Ne7 {[%clk 0:13:34]} 28. Bf2
{[%clk 0:07:10]} Ned5 {[%clk 0:13:23]} 29. Qe1 {[%clk 0:07:04]} f5
{[%clk 0:09:33]} 30. Qa5 {[%clk 0:06:18]} Bf8 {[%clk 0:07:48]} 31. a3
{[%clk 0:06:12]} Bxc5 {[%clk 0:05:01]} 32. dxc5 {[%clk 0:06:22]} Qa8
{[%clk 0:05:13]} 33. Qb5 {[%clk 0:05:31]} c6 {[%clk 0:04:02]} 34. Qe2
{[%clk 0:05:46]} Nd7 {[%clk 0:04:12]} 35. Rac1 {[%clk 0:05:05]} Qa5
{[%clk 0:03:59]} 36. Nd2 {[%clk 0:05:18]} Qb5 {[%clk 0:02:01]} 37. Qxb5
{[%clk 0:03:51]} cxb5 {[%clk 0:02:30]} 38. Bf1 {[%clk 0:04:01]} b4
{[%clk 0:02:31]} 39. Nc4 {[%clk 0:03:43]} Rb8 {[%clk 0:01:02]} 40. Nd6
{[%clk 0:03:37]} Rf8 {[%clk 0:00:35]} 41. Bb5 {[%clk 0:02:21]} Rfd8
{[%clk 0:30:36]} 42. axb4 {[%clk 0:29:34]} g5 {[%clk 0:28:40]} 43. Rc4
{[%clk 0:25:41]} Nf8 {[%clk 0:28:24]} 44. fxg5 {[%clk 0:23:18]} Ng6
{[%clk 0:28:18]} 45. Re1 {[%clk 0:23:12]} 1-0

[Event "WCO2014"]
[Site "Tromso"]
[Date "2014.08.05"]
[Round "4.34"]
[WhiteID "14300753"]
[White "Masango Spencer"]
[BlackID "2400553"]
[Black "Shaw John"]
[Result "1/2-1/2"]
[LiveChessVersion "1.4.3"]
[BlackElo "2419"]
[WhiteElo "2155"]

1. Nf3 {[%clk 1:30:41]} d5 {[%clk 1:30:55]} 2. c4 {[%clk 1:31:00]} c6
{[%clk 1:26:14]} 3. d4 {[%clk 1:31:16]} Nf6 {[%clk 1:26:38]} 4. Nc3
{[%clk 1:31:38]} dxc4 {[%clk 1:26:52]} 5. a4 {[%clk 1:31:59]} Na6
{[%clk 1:24:13]} 6. e3 {[%clk 1:31:18]} Bg4 {[%clk 1:24:23]} 7. Bxc4
{[%clk 1:31:33]} e6 {[%clk 1:24:35]} 8. h3 {[%clk 1:26:28]} Bh5 {[%clk 1:24:58]}
9. O-O {[%clk 1:25:31]} Be7 {[%clk 1:24:53]} 10. b3 {[%clk 1:19:44]} Nb4
{[%clk 1:24:26]} 11. Bb2 {[%clk 1:17:34]} O-O {[%clk 1:23:38]} 12. Be2
{[%clk 1:14:27]} Nd7 {[%clk 1:21:25]} 13. e4 {[%clk 1:12:39]} Qa5
{[%clk 1:13:27]} 14. Qd2 {[%clk 1:09:52]} Na6 {[%clk 1:03:26]} 15. g4
{[%clk 1:06:05]} Bg6 {[%clk 1:03:27]} 16. Nd5 {[%clk 1:05:33]} Bb4
{[%clk 0:59:24]} 17. Nxb4 {[%clk 1:01:51]} Qxb4 {[%clk 0:59:34]} 18. Bc3
{[%clk 1:02:12]} Qe7 {[%clk 0:58:28]} 19. d5 {[%clk 0:35:36]} cxd5
{[%clk 0:42:35]} 20. exd5 {[%clk 0:30:03]} exd5 {[%clk 0:33:14]} 21. Qd4
{[%clk 0:22:00]} Qf6 {[%clk 0:30:43]} 22. Qxf6 {[%clk 0:21:31]} Nxf6
{[%clk 0:31:04]} 23. Bxf6 {[%clk 0:20:47]} gxf6 {[%clk 0:31:27]} 24. Bxa6
{[%clk 0:19:44]} bxa6 {[%clk 0:31:50]} 25. Nd4 {[%clk 0:18:40]} Rfe8
{[%clk 0:23:16]} 26. Rac1 {[%clk 0:12:43]} Rac8 {[%clk 0:16:52]} 27. Rfe1
{[%clk 0:06:43]} Rxe1+ {[%clk 0:14:45]} 28. Rxe1 {[%clk 0:07:11]} Kf8
{[%clk 0:14:32]} 29. f3 {[%clk 0:03:12]} Rc3 {[%clk 0:13:23]} 30. Rd1
{[%clk 0:03:04]} Ke7 {[%clk 0:13:05]} 31. h4 {[%clk 0:02:39]} h6 {[%clk 0:09:45]}
32. Kf2 {[%clk 0:02:21]} Kd6 {[%clk 0:09:37]} 33. Ne2 {[%clk 0:01:24]} Rd3
{[%clk 0:04:39]} 34. Rxd3 {[%clk 0:01:16]} Bxd3 {[%clk 0:05:08]} 35. Nd4
{[%clk 0:01:32]} Kc5 {[%clk 0:05:22]} 36. Ke3 {[%clk 0:01:53]} Bh7
{[%clk 0:05:12]} 37. a5 {[%clk 0:01:27]} Kb4 {[%clk 0:02:40]} 38. Nc6+
{[%clk 0:01:18]} Kb5 {[%clk 0:01:46]} 39. Nxa7+ {[%clk 0:00:41]} Kxa5
{[%clk 0:00:38]} 40. Kd4 {[%clk 0:01:09]} Kb4 {[%clk 0:00:40]} 41. Kxd5
{[%clk 0:00:35]} Kxb3 {[%clk 0:29:22]} 42. Nc6 {[%clk 0:31:35]} Bd3
{[%clk 0:25:12]} 43. f4 {[%clk 0:28:10]} Kc3 {[%clk 0:21:33]} 44. Kc5
{[%clk 0:25:40]} Bb5 {[%clk 0:12:05]} 45. Ne7 {[%clk 0:24:03]} Be2
{[%clk 0:10:18]} 46. Nd5+ {[%clk 0:21:52]} Kb3 {[%clk 0:09:02]} 47. Kb6
{[%clk 0:21:31]} Bxg4 {[%clk 0:08:33]} 48. Kxa6 {[%clk 0:21:30]} Bf3
{[%clk 0:05:07]} 49. Nxf6 {[%clk 0:21:01]} Kc4 {[%clk 0:05:33]} 50. h5
{[%clk 0:20:07]} Kd4 {[%clk 0:04:16]} 51. Ng8 {[%clk 0:20:27]} Bxh5
{[%clk 0:04:41]} 52. Nxh6 {[%clk 0:20:44]} f6 {[%clk 0:05:01]} 53. Ng8
{[%clk 0:20:58]} f5 {[%clk 0:05:23]} 54. Ne7 {[%clk 0:21:22]} Ke4
{[%clk 0:05:45]} 55. Nxf5 {[%clk 0:21:40]} Kxf5 {[%clk 0:06:11]} 1/2-1/2

[Event "WCO2014"]
[Site "Tromso"]
[Date "2014.08.05"]
[Round "4.17"]
[WhiteID "3003809"]
[White "Lopez Azambuja Nicolas"]
[BlackID "14603853"]
[Black "Lenic Luka"]
[Result "0-1"]
[LiveChessVersion "1.4.3"]
[BlackElo "2659"]
[WhiteElo "2255"]

1. d4 {[%clk 1:30:57]} d6 {[%clk 1:30:55]} 2. Nf3 {[%clk 1:30:52]} g6
{[%clk 1:30:17]} 3. c4 {[%clk 1:29:35]} Nf6 {[%clk 1:29:22]} 4. Nc3
{[%clk 1:29:43]} Bf5 {[%clk 1:29:46]} 5. Nh4 {[%clk 1:26:54]} Bd7
{[%clk 1:29:33]} 6. e4 {[%clk 1:25:22]} e5 {[%clk 1:27:55]} 7. Nf3
{[%clk 1:24:02]} exd4 {[%clk 1:28:12]} 8. Nxd4 {[%clk 1:23:20]} Bg7
{[%clk 1:28:35]} 9. Be2 {[%clk 1:22:57]} O-O {[%clk 1:28:48]} 10. O-O
{[%clk 1:22:10]} Re8 {[%clk 1:29:06]} 11. f3 {[%clk 1:21:44]} Nc6
{[%clk 1:29:27]} 12. Be3 {[%clk 1:20:11]} Nh5 {[%clk 1:27:57]} 13. Qd2
{[%clk 1:07:25]} Nf4 {[%clk 1:18:35]} 14. Nxc6 {[%clk 1:02:02]} Nxe2+
{[%clk 1:18:20]} 15. Nxe2 {[%clk 1:00:36]} bxc6 {[%clk 1:18:44]} 16. c5
{[%clk 0:56:19]} Be6 {[%clk 1:13:39]} 17. Rac1 {[%clk 0:50:16]} d5
{[%clk 1:07:18]} 18. exd5 {[%clk 0:37:21]} Bxd5 {[%clk 0:59:55]} 19. Nc3
{[%clk 0:32:34]} Bxa2 {[%clk 0:57:55]} 20. Qxd8 {[%clk 0:24:43]} Raxd8
{[%clk 0:57:49]} 21. Bg5 {[%clk 0:24:16]} f6 {[%clk 0:49:55]} 22. Bf4
{[%clk 0:23:56]} Bc4 {[%clk 0:47:44]} 23. Rfd1 {[%clk 0:21:16]} f5
{[%clk 0:40:10]} 24. Bxc7 {[%clk 0:18:04]} Rd4 {[%clk 0:40:37]} 25. Bd6
{[%clk 0:16:15]} Rxd1+ {[%clk 0:35:41]} 26. Rxd1 {[%clk 0:16:24]} Bb3
{[%clk 0:35:25]} 27. Ra1 {[%clk 0:15:16]} Bd4+ {[%clk 0:34:05]} 28. Kh1
{[%clk 0:15:39]} a5 {[%clk 0:34:03]} 29. h3 {[%clk 0:11:49]} Bxc3
{[%clk 0:33:26]} 30. bxc3 {[%clk 0:12:17]} a4 {[%clk 0:33:50]} 31. Kg1
{[%clk 0:08:01]} Re2 {[%clk 0:29:56]} 32. Bf4 {[%clk 0:06:01]} Kf7
{[%clk 0:28:14]} 33. c4 {[%clk 0:05:08]} Rc2 {[%clk 0:27:37]} 34. Re1
{[%clk 0:03:51]} Bxc4 {[%clk 0:25:18]} 35. Bc1 {[%clk 0:01:45]} Rc3
{[%clk 0:22:23]} 36. Bb2 {[%clk 0:01:34]} Rb3 {[%clk 0:22:35]} 37. Ba1
{[%clk 0:01:58]} Bd5 {[%clk 0:18:34]} 38. Kf2 {[%clk 0:01:50]} f4
{[%clk 0:18:50]} 39. h4 {[%clk 0:01:32]} a3 {[%clk 0:18:43]} 40. Be5
{[%clk 0:00:55]} a2 {[%clk 0:18:19]} 41. Ra1 {[%clk 0:00:33]} Ke6
{[%clk 0:15:50]} 42. Bg7 {[%clk 0:27:31]} Rb1 {[%clk 0:44:09]} 43. g3
{[%clk 0:20:17]} fxg3+ {[%clk 0:42:52]} 44. Kxg3 {[%clk 0:20:39]} Kf5
{[%clk 0:42:35]} 45. Kf2 {[%clk 0:12:18]} Rxa1 {[%clk 0:42:24]} 46. Bxa1
{[%clk 0:12:41]} Kf4 {[%clk 0:42:52]} 0-1

[Event "WCO2014"]
[Site "Tromso"]
[Date "2014.08.05"]
[Round "4.19"]
[WhiteID "3000486"]
[White "Muniz Rafael"]
[BlackID "14603152"]
[Black "Borisek Jure"]
[Result "0-1"]
[LiveChessVersion "1.4.3"]
[BlackElo "2569"]
[WhiteElo "2272"]

1. e4 {[%clk 1:30:55]} e5 {[%clk 1:30:19]} 2. Bc4 {[%clk 1:31:16]} Nf6
{[%clk 1:30:44]} 3. d3 {[%clk 1:31:41]} Nc6 {[%clk 1:31:06]} 4. Nf3
{[%clk 1:31:52]} Be7 {[%clk 1:31:26]} 5. c3 {[%clk 1:31:39]} d6 {[%clk 1:31:40]}
6. Bb3 {[%clk 1:31:02]} O-O {[%clk 1:31:59]} 7. h3 {[%clk 1:30:49]} Na5
{[%clk 1:31:38]} 8. Bc2 {[%clk 1:31:11]} c5 {[%clk 1:32:05]} 9. O-O
{[%clk 1:31:21]} Nc6 {[%clk 1:31:58]} 10. Re1 {[%clk 1:31:00]} b5
{[%clk 1:25:22]} 11. Nbd2 {[%clk 1:29:43]} Re8 {[%clk 1:16:58]} 12. Nf1
{[%clk 1:28:50]} h6 {[%clk 1:16:54]} 13. Ng3 {[%clk 1:28:32]} Bf8
{[%clk 1:17:17]} 14. a3 {[%clk 1:26:31]} d5 {[%clk 1:09:47]} 15. d4
{[%clk 1:12:10]} cxd4 {[%clk 0:50:35]} 16. cxd4 {[%clk 1:12:04]} Bb7
{[%clk 0:46:27]} 17. Nxe5 {[%clk 1:03:21]} dxe4 {[%clk 0:45:10]} 18. Nxc6
{[%clk 0:53:21]} Bxc6 {[%clk 0:45:17]} 19. Be3 {[%clk 0:51:48]} a5
{[%clk 0:41:38]} 20. Rc1 {[%clk 0:46:43]} b4 {[%clk 0:36:21]} 21. a4
{[%clk 0:45:27]} Qd7 {[%clk 0:36:21]} 22. Bb3 {[%clk 0:44:12]} Bd5
{[%clk 0:35:37]} 23. Bf4 {[%clk 0:42:30]} Bxb3 {[%clk 0:35:19]} 24. Qxb3
{[%clk 0:42:53]} Qxd4 {[%clk 0:35:43]} 25. Red1 {[%clk 0:36:34]} Qb6
{[%clk 0:36:03]} 26. Qc4 {[%clk 0:34:10]} Rad8 {[%clk 0:33:10]} 27. Rxd8
{[%clk 0:29:14]} Qxd8 {[%clk 0:33:38]} 28. Be3 {[%clk 0:26:00]} Bd6
{[%clk 0:28:23]} 29. Nf5 {[%clk 0:22:45]} Be5 {[%clk 0:28:49]} 30. b3
{[%clk 0:22:01]} Bb2 {[%clk 0:28:09]} 31. Rb1 {[%clk 0:19:36]} Bc3
{[%clk 0:28:35]} 32. Nd4 {[%clk 0:12:19]} Nd5 {[%clk 0:27:42]} 33. Rd1
{[%clk 0:10:59]} Nxe3 {[%clk 0:27:30]} 34. fxe3 {[%clk 0:11:24]} Re7
{[%clk 0:24:39]} 35. Qc6 {[%clk 0:08:37]} Re6 {[%clk 0:24:29]} 36. Qb7
{[%clk 0:08:22]} Re5 {[%clk 0:21:27]} 37. Kh2 {[%clk 0:05:46]} Qd5
{[%clk 0:20:24]} 38. Qc8+ {[%clk 0:03:11]} Kh7 {[%clk 0:20:49]} 39. Qg4
{[%clk 0:01:47]} Bxd4 {[%clk 0:21:00]} 40. exd4 {[%clk 0:00:47]} Re7
{[%clk 0:18:13]} 41. Rf1 {[%clk 0:27:54]} e3 {[%clk 0:48:36]} 42. Kg1
{[%clk 0:27:57]} e2 {[%clk 0:48:07]} 43. Re1 {[%clk 0:28:14]} Re4
{[%clk 0:48:34]} 44. Qf3 {[%clk 0:28:17]} Qxd4+ {[%clk 0:48:59]} 45. Kh1
{[%clk 0:28:30]} Qd5 {[%clk 0:48:21]} 46. Kg1 {[%clk 0:28:13]} Qe6
{[%clk 0:48:38]} 47. Qd3 {[%clk 0:27:31]} f5 {[%clk 0:48:58]} 0-1

[Event "WCO2014"]
[Site "Tromso"]
[Date "2014.08.05"]
[Round "4.20"]
[WhiteID "14602296"]
[White "Sebenik Matej"]
[BlackID "3001717"]
[Black "Coppola Claudio"]
[Result "1-0"]
[LiveChessVersion "1.4.3"]
[BlackElo "2190"]
[WhiteElo "2537"]

1. Nf3 {[%clk 1:30:55]} Nf6 {[%clk 1:30:49]} 2. c4 {[%clk 1:31:18]} c5
{[%clk 1:31:08]} 3. Nc3 {[%clk 1:31:38]} d5 {[%clk 1:31:25]} 4. cxd5
{[%clk 1:32:03]} Nxd5 {[%clk 1:31:50]} 5. e4 {[%clk 1:31:50]} Nb4
{[%clk 1:22:52]} 6. Bb5+ {[%clk 1:30:35]} N8c6 {[%clk 1:21:19]} 7. d4
{[%clk 1:29:58]} cxd4 {[%clk 1:20:09]} 8. a3 {[%clk 1:30:03]} Bd7
{[%clk 0:58:41]} 9. axb4 {[%clk 1:24:37]} dxc3 {[%clk 0:58:59]} 10. bxc3
{[%clk 1:24:31]} g6 {[%clk 0:58:15]} 11. Be2 {[%clk 0:49:49]} Bg7
{[%clk 0:57:39]} 12. b5 {[%clk 0:50:01]} Na5 {[%clk 0:49:13]} 13. O-O
{[%clk 0:50:01]} b6 {[%clk 0:42:29]} 14. Ba3 {[%clk 0:40:16]} Bxc3
{[%clk 0:27:27]} 15. Rc1 {[%clk 0:39:45]} Bg7 {[%clk 0:26:27]} 16. Qa4
{[%clk 0:36:18]} Be6 {[%clk 0:17:51]} 17. Rfd1 {[%clk 0:18:41]} Qb8
{[%clk 0:18:13]} 18. Qb4 {[%clk 0:18:45]} O-O {[%clk 0:16:33]} 19. Qxe7
{[%clk 0:18:27]} Qf4 {[%clk 0:13:46]} 20. Qg5 {[%clk 0:15:21]} Bh6
{[%clk 0:11:49]} 21. Qxf4 {[%clk 0:15:27]} Bxf4 {[%clk 0:12:15]} 22. Bxf8
{[%clk 0:15:33]} Bxc1 {[%clk 0:12:37]} 23. Rxc1 {[%clk 0:15:57]} Rxf8
{[%clk 0:12:12]} 24. Nd4 {[%clk 0:12:22]} Rc8 {[%clk 0:10:15]} 25. Rxc8+
{[%clk 0:12:36]} Bxc8 {[%clk 0:10:39]} 26. f4 {[%clk 0:12:34]} Kf8
{[%clk 0:08:43]} 27. Kf2 {[%clk 0:12:53]} Nb7 {[%clk 0:07:10]} 28. Nc6
{[%clk 0:11:39]} Nc5 {[%clk 0:07:24]} 29. Nxa7 {[%clk 0:11:16]} Nxe4+
{[%clk 0:07:48]} 30. Ke3 {[%clk 0:11:41]} Nd6 {[%clk 0:05:31]} 31. Nxc8
{[%clk 0:06:02]} Nxc8 {[%clk 0:05:54]} 32. Kd4 {[%clk 0:06:29]} Ke7
{[%clk 0:05:30]} 33. Kd5 {[%clk 0:06:44]} Na7 {[%clk 0:05:15]} 34. g4
{[%clk 0:07:07]} h6 {[%clk 0:04:48]} 35. g5 {[%clk 0:06:56]} hxg5
{[%clk 0:05:12]} 36. fxg5 {[%clk 0:07:23]} f6 {[%clk 0:04:46]} 37. h4
{[%clk 0:07:49]} fxg5 {[%clk 0:03:15]} 38. hxg5 {[%clk 0:08:13]} Nc8
{[%clk 0:01:50]} 39. Kc6 {[%clk 0:02:57]} Na7+ {[%clk 0:01:49]} 40. Kd5
{[%clk 0:02:19]} Nc8 {[%clk 0:01:36]} 41. Bd3 {[%clk 0:02:41]} Kf7
{[%clk 0:29:22]} 42. Ke5 {[%clk 0:29:29]} Na7 {[%clk 0:09:21]} 43. Kd6
{[%clk 0:28:38]} Nc8+ {[%clk 0:09:47]} 44. Kc7 {[%clk 0:21:36]} Ne7
{[%clk 0:10:07]} 45. Kxb6 {[%clk 0:19:33]} Ke6 {[%clk 0:10:26]} 46. Kc5
{[%clk 0:18:16]} Nc8 {[%clk 0:08:04]} 47. Bxg6 {[%clk 0:18:34]} 1-0

[Event "WCO2014"]
[Site "Tromso"]
[Date "2014.08.05"]
[Round "4.40"]
[WhiteID "4401190"]
[White "Cuartas Jaime Alexander"]
[BlackID "9301348"]
[Black "Salem A.R. Saleh"]
[Result "0-1"]
[LiveChessVersion "1.4.3"]
[BlackElo "2591"]
[WhiteElo "2489"]

1. e4 {[%clk 1:30:57]} c5 {[%clk 1:30:52]} 2. b3 {[%clk 1:31:21]} d6
{[%clk 1:30:52]} 3. f4 {[%clk 1:31:43]} e5 {[%clk 1:30:34]} 4. Bb5+
{[%clk 1:27:25]} Nc6 {[%clk 1:28:05]} 5. Qf3 {[%clk 1:27:34]} Bd7
{[%clk 1:19:18]} 6. Ne2 {[%clk 1:25:29]} Nf6 {[%clk 1:15:57]} 7. O-O
{[%clk 1:19:01]} Be7 {[%clk 1:14:41]} 8. Bb2 {[%clk 1:17:59]} O-O
{[%clk 1:14:46]} 9. d3 {[%clk 1:16:38]} Bg4 {[%clk 1:10:06]} 10. Qf2
{[%clk 1:17:05]} Nb4 {[%clk 1:08:16]} 11. Nc1 {[%clk 0:57:35]} a6
{[%clk 1:05:12]} 12. a3 {[%clk 0:55:53]} Nxc2 {[%clk 0:51:06]} 13. Qxc2
{[%clk 0:56:02]} axb5 {[%clk 0:51:29]} 14. f5 {[%clk 0:48:56]} d5
{[%clk 0:47:16]} 15. Bxe5 {[%clk 0:39:02]} c4 {[%clk 0:46:14]} 16. h3
{[%clk 0:26:49]} dxe4 {[%clk 0:43:47]} 17. dxe4 {[%clk 0:24:48]} Bc5+
{[%clk 0:43:29]} 18. Kh1 {[%clk 0:24:08]} Re8 {[%clk 0:43:17]} 19. Bxf6
{[%clk 0:20:44]} Qxf6 {[%clk 0:43:31]} 20. Nc3 {[%clk 0:18:15]} Qh6
{[%clk 0:36:01]} 21. b4 {[%clk 0:15:54]} Bd4 {[%clk 0:35:14]} 22. N1a2
{[%clk 0:15:51]} Rxa3 {[%clk 0:31:22]} 23. Qc1 {[%clk 0:16:11]} Be3
{[%clk 0:27:26]} 24. Qc2 {[%clk 0:12:31]} Rea8 {[%clk 0:25:39]} 25. Rab1
{[%clk 0:08:50]} R3a6 {[%clk 0:13:00]} 26. Kh2 {[%clk 0:06:41]} Bf4+
{[%clk 0:08:33]} 27. Kg1 {[%clk 0:06:55]} Be5 {[%clk 0:06:32]} 28. Qc1
{[%clk 0:04:18]} Bd4+ {[%clk 0:05:06]} 29. Kh2 {[%clk 0:03:30]} Qh5
{[%clk 0:03:24]} 30. Qf4 {[%clk 0:02:50]} Bxh3 {[%clk 0:03:29]} 31. gxh3
{[%clk 0:03:06]} Rxa2+ {[%clk 0:03:43]} 32. Nxa2 {[%clk 0:03:30]} Rxa2+
{[%clk 0:04:11]} 33. Kg3 {[%clk 0:03:35]} Be5 {[%clk 0:04:28]} 34. Qxe5
{[%clk 0:03:52]} Qg5+ {[%clk 0:04:47]} 35. Kf3 {[%clk 0:04:11]} Qg2+
{[%clk 0:05:10]} 36. Ke3 {[%clk 0:04:11]} Qd2+ {[%clk 0:05:31]} 37. Kf3
{[%clk 0:04:34]} Qe2+ {[%clk 0:05:59]} 38. Kg3 {[%clk 0:04:51]} Qh2+
{[%clk 0:06:27]} 0-1